| 000 | 01016cam a2200301 a 4500 | ||
|---|---|---|---|
| 001 | 4465898 | ||
| 003 | ARRUPE | ||
| 005 | 20130927114314.0 | ||
| 008 | 951213s1994 enk b 001 0 eng d | ||
| 010 | _a 95233893 | ||
| 020 | _a0281047723 | ||
| 035 | _a(OCoLC)32005043 | ||
| 040 |
_aOWorP _cOWorP _dCU-A _dDLC |
||
| 042 | _alccopycat | ||
| 043 | _ae------ | ||
| 050 | 0 | 4 |
_aBR115.W6 _bH86 1994 |
| 100 | 1 |
_aHume, Basil, _d1923-1999. _91601 |
|
| 245 | 1 | 0 |
_aRemaking Europe : _bthe gospel in a divided continent / _cBasil Hume. |
| 260 |
_aLondon : _bSociety for Promoting Christian Knowledge, _c1994. |
||
| 300 |
_axii, 107 p. ; _c20 cm. |
||
| 504 | _aIncludes bibliographical references and index. | ||
| 650 | 0 |
_aChurch and the world. _91602 |
|
| 650 | 0 |
_aChristianity _y20th century. _91603 |
|
| 651 | 0 |
_aEurope _xHistory _y1945- _91604 |
|
| 906 |
_a7 _bcbc _ccopycat _d3 _encip _f19 _gy-gencatlg |
||
| 942 |
_2lcc _cMONOGRAPH |
||
| 999 |
_c118126 _d118126 |
||